00250nam a2200085Ia 4500008004100000100003200041245005200073260003000125300000900155190216s9999||||xx |||||||||||||| ||und|| aPillai R S N&Amp; Bagavathi 0aCommercial Correspondence And Office Management bSulthan Chand&Sonsc1997 a472p